000 00335nam a2200145 i 4500
001 bg
100 1 _aDIRAK, P. A. M.
245 0 _aLekcii po kvantovoj teorii polja /
_cP.A.M. Dirak.
260 _aMoskva,
_c1971.
040 _cBPK
041 _apol
080 _a530.145
942 _cKS
008 s pl f |000 0 pol
999 _c14107
_d14107
856 _uhttp://koha.tu.koszalin.pl/cgi-bin/koha/opac-detail.pl?biblionumber=14107
_yKatalog online BPK